000 01414nam a2200217Ia 4500
003 Ost
005 20260507075053.0
008 260507s9999||||xx |||||||||||||| ||und||
040 _cfsecg
041 _aara
082 _a330.121
100 _aأحمد، عبد الرحمان يسرى
_eمؤلف
245 0 _aدراسات في علم الإقتصاد الإسلامي /
_c عبد الرحمان يسرى أحمد
260 _aإلاسكندرية:
_bالدار الجامعية,
_c2004
300 _a401 صفحة؛
_bإيضاحات ؛
_c24 سم
504 _aالمراجع ص.395
520 _aالمنهج العلمي في الإقتصاد الإسلامي، انتقاء الحاجات الاستهلاكية وترتيبها،أسس تنظيم النشاط الإنتاجي والتنسيق بين المصلحتين الخاصة والعامة، التنمية الإقتصادية، نقد الفكر الوضعي وبيان مفهوم الاسلامي، السكان، أسلوب الأمن الغذائي والتنمية في العالم الإسلامي، مراحل التكامل الإقتصادي الإسلامي في اطار الظروف المعاصرة، نحو سياسة اقتصادية موحدة للعالم الإسلامي في مواجهة العولمة
653 _aالاقتصاد الاسلامي
653 _aالتنمية الاقتصادية
942 _cكتاب
999 _c42698
_d42698